| 000 | 01126 a2200193 4500 | ||
|---|---|---|---|
| 001 | 54202 | ||
| 005 | 20260407155812.0 | ||
| 008 | 260407a1969 arg spa d | ||
| 003 | AR-UNSa-BCEJYS | ||
| 040 |
_aAR-UNSa-BCEJYS _bspa _cAR-UNSa-BCEJYS |
||
| 080 |
_a330.4 _xEconomía matemática |
||
| 245 | 1 | 0 | _aInvestigaciones acerca de los principios matemáticos de la teoría de las riquezas |
| 264 | 1 |
_aMadrid : _bAlianza Editorial _c1969 |
|
| 300 |
_a265 p. _c19 cm. |
||
| 505 | _a1. Del valor de cambio, o de la riqueza en general – 2. De la variaciones del valor, absolutas y relativas – 3. Del cambio – 4. De la ley de la demanda – 5. Del monopolio – 6. De la influencia del impuesto sobre los bienes cuya producción monopolizada – 7. De la concurrencia de productores – 8. De la concurrencia ilimitada – 9. Del concurso de productores – 10. De la comunicación de los mercados – 11. De la renta social – 12. De las variaciones de la renta social, resultantes de la comunicación de los mercados. | ||
| 942 | _cBK | ||
| 590 | _aniveau_biblio:m niveau_hierar:0 | ||
| 100 | 1 | _aCournot, Antoine-Augustin | |
| 999 |
_c5373 _d5373 |
||